Elementos para pensar o ensino-aprendizagem contemporâneo / (Record no. 1181)

MARC details
000 -LÍDER
Campo Fixo de Controle 00970nam a2200289 a 4500
001 - NÚMERO DE CONTROLE
Campo de Controle 1181
003 - IDENTIFICAÇÃO DO NÚMERO DE CONTROLE
Campo de Controle BR-CuiBMT
005 - DATA E HORA DA ÚLTIMA ATUALIZAÇÃO
Campo de Controle 20231130223948.0
008 - DADOS FIXOS
Dados Fixos 231130s2013 mtba 000 0 por d
020 ## - INTERNATIONAL STANDARD BOOK NUMBER
Nº do ISBN 9788532704436
040 ## - AGÊNCIA CATALOGADORA
Código da Agência Catalogadora BR-CuiBMT
Agência que transcreveu o registro BR-CuiBMT
080 ## - Nº DA CLASSIFICAÇÃO DECIMAL UNIVERSAL
Nº Class. CDU 37.018.43
Nº edição CDU 2007
090 ## - NÚMERO DE CHAMADA
Nº classificação 37.018.43
Cutter E38
245 10 - TÍTULO PRINCIPAL
Título principal Elementos para pensar o ensino-aprendizagem contemporâneo /
Indicação de responsabilidade Daniel Mill, Cristiano Maciel (organizadores).
260 ## - PUBLICAÇÃO, DISTRIBUIÇÃO, ETC.
Local de publicação Cuiabá :
Editora EdUFMT,
Data 2013.
300 ## - DESCRIÇÃO FÍSICA
N. páginas ou volumes 369 p. :
Ilustrações il. ;
Dimensões 21 cm
490 1# - INDICAÇÃO DE SÉRIE
Título da série Coleção educação a distância ;
Volume/designação sequencial da série v. 8
504 ## - NOTA DE BIBLIOGRAFIA, ETC.
Nota de bibliografia Inclui bibliografia.
650 ## - ASSUNTO TÓPICO
Cabeçalho tópico ou nome geográfico Educação à distância
650 ## - ASSUNTO TÓPICO
Cabeçalho tópico ou nome geográfico Ensino a distância
Subdivisão geral Aprendizagem
650 ## - ASSUNTO TÓPICO
Cabeçalho tópico ou nome geográfico Ensino auxiliado por computador
650 ## - ASSUNTO TÓPICO
Cabeçalho tópico ou nome geográfico Educação à distância
Subdivisão geral Avaliação
700 1# - ENTRADA SECUNDÁRIA -- NOME PESSOAL
Nome pessoal Mill, Daniel,
Datas associadas ao nome 1972-
Cód. do termo explicativo org.
700 1# - ENTRADA SECUNDÁRIA -- NOME PESSOAL
Nome pessoal Maciel, Cristiano,
Datas associadas ao nome 1972-
Cód. do termo explicativo org.
830 #0 - ENTRADA SECUNDÁRIA DE SÉRIE -- TÍTULO UNIFORME
Título uniforme Educação a distância (EdUFMT) ;
Nº do volume/designação sequencial da série 8
942 ## - ELEMENTOS DE ENTRADA ADICIONAIS (KOHA)
Fonte de classificação ou esquema de arquivamento Classificação Decimal Universal
Tipo de item do Koha Livros
Holdings
Estado: removido Estado: perdido Fonte de classificação ou esquema de arquivamento Estado: danificado Indisponível para empréstimo Localização permanente Localização atual Data de aquisição Total Checkouts Número de Chamada completo Código de barras Date last seen Número do exemplar Preço efetivo a partir de Tipo de item (Koha)
    Classificação Decimal Universal     Biblioteca da Escola Superior de Contas do TCE/MT Biblioteca da Escola Superior de Contas do TCE/MT 30/11/2023   37.018.43 E38 BIBTCEMT23111402 30/11/2023 Ex. 1 30/11/2023 Livros
    Classificação Decimal Universal     Biblioteca da Escola Superior de Contas do TCE/MT Biblioteca da Escola Superior de Contas do TCE/MT 30/11/2023   37.018.43 E38 BIBTCEMT23111403 30/11/2023 Ex. 2 30/11/2023 Livros

Powered by Koha